South Eastern Kenya University

Library Online Public Access Catalogue


Potentials of forage legumes in farming systems of sub-Saharan Africa : proceedings of a workshop held at ILCA, Addis Ababa, Ethiopia, 16-19 September 1985 / edited by I. Haque, S. Jutzi, P.J.H Neate. (Record no. 18529)

MARC details
000 -LEADER
fixed length control field 00705nam a22001577a 4500
003 - CONTROL NUMBER IDENTIFIER
control field OSt
005 - DATE AND TIME OF LATEST TRANSACTION
control field 20250224114237.0
008 - FIXED-LENGTH DATA ELEMENTS--GENERAL INFORMATION
fixed length control field 250224b |||||||| |||| 00| 0 eng d
040 ## - CATALOGING SOURCE
Original cataloging agency SEKU
050 ## - LIBRARY OF CONGRESS CALL NUMBER
Classification number SB 203.3
Item number .A357 P6 1986
245 ## - TITLE STATEMENT
Title Potentials of forage legumes in farming systems of sub-Saharan Africa : proceedings of a workshop held at ILCA, Addis Ababa, Ethiopia, 16-19 September 1985 / edited by I. Haque, S. Jutzi, P.J.H Neate.
Statement of responsibility, etc. edited by I. Haque, S. Jutzi, P.J.H Neate.
260 ## - PUBLICATION, DISTRIBUTION, ETC. (IMPRINT)
Place of publication, distribution, etc. Addis Ababa, Ethiopia : I 1986.
Name of publisher, distributor, etc. International Livestock Centre for Africa,
Date of publication, distribution, etc. 1988
300 ## - PHYSICAL DESCRIPTION
Extent xi, 569 p. :
648 ## - SUBJECT ADDED ENTRY--CHRONOLOGICAL TERM
Source of heading or term Legumes
General subdivision Forage plants-
Geographic subdivision Africa, Sub-Saharan--Congresses.
942 ## - ADDED ENTRY ELEMENTS (KOHA)
Source of classification or shelving scheme Library of Congress Classification
Koha item type General circulation

No items available.

Kitui, Kenya.
+254736116989
library@seku.ac.ke